| 000 | 00595 a2200217 4500 | ||
|---|---|---|---|
| 005 | 20250509112854.0 | ||
| 008 | 250508b |||||||| |||| 00| 0 eng d | ||
| 020 |
_a9789355730572 _cRs. 1050.00 |
||
| 040 | _aMAIN | ||
| 082 |
_a658.4 _bG8750(13) |
||
| 100 | _aGriffin, Ricky W | ||
| 245 | _aOrganizational behavior: Managing people and organizations | ||
| 250 | _a13th | ||
| 260 |
_bCengage Learning Inddia _aDelhi _c2024 |
||
| 300 | _axxv, 576 | ||
| 650 | _aManagement | ||
| 650 | _aOrganisational Behaviour | ||
| 700 | _aPhilips, Jean M | ||
| 700 | _aGully, Stanley M | ||
| 942 | _cBK | ||
| 999 |
_c359907 _d359907 |
||